000 00719cam a2200205 4500
082 _a624.1838
_bURQ
_cD
100 1 _aUrquhart, Leonard Church,
_942273
245 1 0 _aDesign of concrete structures
_c[by] Leonard Church Urquhart, Charles Edward O'Rourke [and] George Winter.
250 _a6th ed.
260 _aNew York,
_bMcGraw-Hill,
_c1958.
300 _a546 p.
_billus.
_c24 cm.
490 1 _aMcGraw-Hill civil engineering series
526 _a0
_b0
_c0
_d624_183800000000000_URQ
526 _a0
_b0
_c0
_d624_183800000000000_URQ
526 _a0
_b0
_c0
_d624_183800000000000_URQ
526 _a0
_b0
_c0
_d624_183800000000000_URQ
650 0 _aMCE
_9379
650 0 _aReinforced concrete construction.
942 _2ddc
_cBK
999 _c546959
_d546959